000 00621nam a2200181Ia 4500
008 100917s9999 xx 000 0 und d
082 _b4791
100 _aकेतकर ग. वि.
245 _aहिंदूत्वाची राष्ट्रीय मिमांसा
260 _b---
300 _a96
365 _b1.75
520 _aनिबंध
630 _aहिंदूत्वाची राष्ट्रीय मिमांसा
650 _aनिबंध
730 _aहिंदूत्वाची राष्ट्रीय मिमांसा
942 _cBOOK
999 _c610185
_d610182